000 00711nam a2200205 a 4500
001 BRCA_2239
005 20190320203727.0
008 980122s1991 mx-a---##b---#000-0#spa-d
020 _a9683613268 (Obra completa)
050 4 _aNA756
_b.F73 1991
100 1 _aFranco Carrasco, Jesús
_96729
245 1 0 _aEl nuevo Santander y su arquitectura
_cJesús Franco Carrasco.
260 _aMéxico
_bUNAM, Instituto de Investigaciones Estéticas
_c1991
300 _a2 v.
_bil., mapas
_c23 cm.
440 0 _aCuadernos de historia del arte
_v48
_96730
504 _aBibliografía: p. [511]-523 (v.2)
650 1 4 _aArquitectura
_zMéxico
_9596
650 1 4 _aArquitectura colonial española
_zMéxico
_96731
942 _2lcc
_cB
999 _c1990
_d1990